000 00272nam a2200121Ia 4500
008 190216s9999||||xx |||||||||||||| ||und||
100 _aUsman K
245 0 _aPradama Sushroosha
260 _bAl Huda Book Stall
300 _a65
650 _aIslamic History
942 _cBK
999 _c22320
_d22320